[Event "CAN-op"]
[Site "Windsor CAN"]
[Date "2016.07.14"]
[Round "5.18"]
[White "Huang, Patrick"]
[Black "Doknjas, Joshua"]
[Result "0-1"]
[WhiteElo "1992"]
[BlackElo "2204"]
[PlyCount "140"]
[EventDate "2016.07.10"]
[EventType "swiss"]
[EventRounds "9"]
[EventCountry "CAN"]

1. e4 c5 2. Nf3 d6 3. d4 cxd4 4. Nxd4 Nf6 5. Nc3 a6 6. Be2 e5 7. Nb3 Be7 8. O-O
O-O 9. Kh1 b6 10. Be3 Bb7 11. f3 b5 12. Qe1 Nbd7 13. a3 Rc8 14. Rd1 Qc7 15. Qf2
h6 16. Rd2 Rfd8 17. Rfd1 Bc6 18. Nd5 Nxd5 19. exd5 Ba8 20. Qg3 Kf8 21. f4 Nf6
22. Bf3 e4 23. Bg4 Nxg4 24. Qxg4 Qd7 25. f5 Bf6 26. Qxe4 Re8 27. Qf3 Bxb2 28.
Bd4 Bxd4 29. Nxd4 Qe7 30. Rf1 Qf6 31. Rdd1 Rc5 32. Qg4 Bxd5 33. Qg3 Kg8 34. Nb3
Rc3 35. Qf4 Bc4 36. Rxd6 Qg5 37. Qxg5 hxg5 38. Rfd1 Rxc2 39. Nd4 Rc3 40. Rxa6
Rd3 41. Rc1 Rxd4 42. h3 Rf4 43. a4 Rxf5 44. axb5 Bxb5 45. Ra2 Bd7 46. Rd2 Be6
47. Kh2 Kh7 48. Kg3 Rd5 49. Rf2 Red8 50. Rcc2 Rf5 51. Rfe2 Rdd5 52. Rb2 Rd4 53.
Rbc2 Rf6 54. Rb2 Rh6 55. Re3 Bf5 56. Rf2 Bg6 57. Kh2 g4 58. Kg3 gxh3 59. gxh3
Rh5 60. Ref3 Rdd5 61. h4 Rd4 62. Rf4 Rxf4 63. Rxf4 Rf5 64. Rb4 Bh5 65. Rd4 Rf3+
66. Kg2 Kh6 67. Rd6+ g6 68. Rd5 Rf4 69. Kg3 Rg4+ 70. Kh3 f5 0-1

[Event "CAN-op"]
[Site "Windsor CAN"]
[Date "2016.07.14"]
[Round "5.19"]
[White "Fradkin, Benjamin"]
[Black "Song, Sam"]
[Result "0-1"]
[WhiteElo "2106"]
[BlackElo "2316"]
[PlyCount "112"]
[EventDate "2016.07.10"]
[EventType "swiss"]
[EventRounds "9"]
[EventCountry "CAN"]

1. d4 Nf6 2. Nf3 e6 3. Bf4 c5 4. e3 Nc6 5. c3 Be7 6. h3 b6 7. Bd3 Bb7 8. Nbd2
d5 9. a4 O-O 10. O-O Nh5 11. Bh2 f5 12. Ne5 Nf6 13. Ndf3 c4 14. Bc2 Nxe5 15.
Nxe5 Nd7 16. Qe2 Nxe5 17. Bxe5 Bd6 18. f4 Bxe5 19. fxe5 Bc6 20. Qe1 Be8 21. Bd1
a6 22. Kh2 b5 23. a5 Rb8 24. g4 Bg6 25. Qg3 Rb7 26. Be2 Rbf7 27. g5 Rb7 28. h4
Qc7 29. h5 Be8 30. Bf3 Bc6 31. g6 h6 32. Bg4 fxg4 33. Rxf8+ Kxf8 34. Rf1+ Kg8
35. Rf7 Qc8 36. Qf4 Qe8 37. Rxb7 Bxb7 38. Kg3 Qe7 39. Kxg4 Qf8 40. Kg3 Qxf4+
41. exf4 Kf8 42. Kg4 Ke7 43. Kf3 Kd7 44. Ke3 Kc6 45. Kd2 Bc8 46. Kc2 b4 47. Kd2
b3 48. Ke3 Kb5 49. f5 exf5 50. e6 Bxe6 51. Kf4 Kc6 52. Ke5 Kd7 53. Kf4 Kd6 54.
Ke3 Ke7 55. Kf3 Kf6 56. Kf4 Bd7 0-1

[Event "CAN-op"]
[Site "Windsor CAN"]
[Date "2016.07.14"]
[Round "5.20"]
[White "Profit, Brian"]
[Black "Zhang, Henry"]
[Result "1-0"]
[WhiteElo "1989"]
[BlackElo "2096"]
[PlyCount "65"]
[EventDate "2016.07.10"]
[EventType "swiss"]
[EventRounds "9"]
[EventCountry "CAN"]

1. d4 Nf6 2. c4 g6 3. Nc3 d5 4. Bf4 Bg7 5. e3 O-O 6. Nf3 c5 7. dxc5 Na6 8. cxd5
Nxc5 9. Bc4 Qb6 10. Qe2 Bg4 11. O-O Bxf3 12. gxf3 Nh5 13. Bg3 Rac8 14. Rfd1
Nxg3 15. hxg3 Bxc3 16. bxc3 Na4 17. Rac1 Qc5 18. Bb3 Nxc3 19. Qe1 b5 20. Rc2 b4
21. Rd4 a5 22. a3 Qb6 23. axb4 axb4 24. Qd2 Qa5 25. Rb2 Ra8 26. Bc4 Rfb8 27.
Kg2 Qc5 28. Bb3 Ra1 29. e4 Qd6 30. Bc2 Qe5 31. Rdxb4 Rxb4 32. Rxb4 Qh5 33. Rb8+
1-0

[Event "CAN-op"]
[Site "Windsor CAN"]
[Date "2016.07.14"]
[Round "5.21"]
[White "D'Amore, Tyler"]
[Black "Chernik, Dmitry"]
[Result "0-1"]
[WhiteElo "1946"]
[BlackElo "2046"]
[PlyCount "92"]
[EventDate "2016.07.10"]
[EventType "swiss"]
[EventRounds "9"]
[EventCountry "CAN"]

1. e4 c5 2. Nf3 Nc6 3. Bb5 Nd4 4. Nxd4 cxd4 5. O-O e6 6. d3 a6 7. Ba4 b5 8. Bb3
Bb7 9. Nd2 Qc7 10. Qe2 Nf6 11. f4 Bc5 12. Nf3 Nxe4 13. Kh1 Nf6 14. Ne5 d6 15.
Ng4 Nxg4 16. Qxg4 O-O-O 17. c3 h5 18. Qh3 h4 19. cxd4 Bxd4 20. Be3 Qb6 21.
Rfc1+ Kb8 22. Bxd4 Qxd4 23. a4 Rc8 24. Rcb1 b4 25. a5 Rh6 26. Bd1 Rg6 27. Bf3
Rc2 28. Bxb7 Kxb7 29. Qf3+ d5 30. f5 Rgxg2 31. Qxg2 Rxg2 32. Kxg2 Qg4+ 33. Kf1
Qf3+ 34. Ke1 Qe3+ 35. Kf1 Qxd3+ 36. Ke1 Qc2 37. fxe6 fxe6 38. Rc1 Qxh2 39. Ra4
Qxb2 40. Raa1 b3 41. Rab1 Qe5+ 42. Kf1 Qe3 43. Re1 Qf3+ 44. Kg1 h3 45. Re2 Qxe2
46. Rxb3+ Kc7 0-1

[Event "CAN-op"]
[Site "Windsor CAN"]
[Date "2016.07.14"]
[Round "5.22"]
[White "Gaisinsky, Adam"]
[Black "Sivapathasundaram, Manojh"]
[Result "1-0"]
[WhiteElo "1994"]
[BlackElo "1985"]
[PlyCount "73"]
[EventDate "2016.07.10"]
[EventType "swiss"]
[EventRounds "9"]
[EventCountry "CAN"]

1. e4 c5 2. Nf3 d6 3. d4 cxd4 4. Nxd4 Nf6 5. Nc3 g6 6. Be3 Bg7 7. f3 O-O 8. Qd2
Nc6 9. g4 Nxd4 10. Bxd4 Be6 11. h4 Qa5 12. h5 Rfc8 13. hxg6 fxg6 14. Be2 Bc4
15. f4 Be6 16. f5 Bf7 17. Bf3 Qb4 18. Rd1 Qxb2 19. Nd5 Qxc2 20. Nxe7+ Kf8 21.
Nxc8 Rxc8 22. g5 Qxd2+ 23. Rxd2 Rc1+ 24. Kf2 Rxh1 25. Bxh1 Ng4+ 26. Kg3 Bxd4
27. Rxd4 Ne5 28. Rxd6 Bxa2 29. Kf4 Nc4 30. Rd7 gxf5 31. exf5 Bb1 32. Rxb7 Bxf5
33. Rb8+ Kg7 34. Kxf5 Nd6+ 35. Kg4 Kg6 36. Rg8+ Kf7 37. Bd5+ 1-0

[Event "CAN-op"]
[Site "Windsor CAN"]
[Date "2016.07.14"]
[Round "5.23"]
[White "Holliman, Robert"]
[Black "Beider, Andrew"]
[Result "1/2-1/2"]
[WhiteElo "2050"]
[BlackElo "2059"]
[PlyCount "39"]
[EventDate "2016.07.10"]
[EventType "swiss"]
[EventRounds "9"]
[EventCountry "CAN"]

1. Nf3 c5 2. c4 Nf6 3. Nc3 e6 4. d4 cxd4 5. Nxd4 a6 6. g3 Be7 7. Bg2 O-O 8. O-O
Qc7 9. Qd3 Nc6 10. Nxc6 dxc6 11. b3 b6 12. e4 e5 13. h3 Be6 14. Be3 Rfd8 15.
Qe2 b5 16. cxb5 cxb5 17. Rac1 Qb7 18. Bg5 Rac8 19. Bxf6 Bxf6 20. Nd5 1/2-1/2

[Event "CAN-op"]
[Site "Windsor CAN"]
[Date "2016.07.15"]
[Round "6.1"]
[White "Antal, Gergely"]
[Black "Szabo, Gergely-Andras-Gyul"]
[Result "1/2-1/2"]
[WhiteElo "2545"]
[BlackElo "2563"]
[PlyCount "42"]
[EventDate "2016.07.10"]
[EventType "swiss"]
[EventRounds "9"]
[EventCountry "CAN"]

1. e4 e5 2. Nf3 Nf6 3. Nxe5 d6 4. Nf3 Nxe4 5. Nc3 Nxc3 6. dxc3 Be7 7. Bf4 Nc6
8. Qd2 Be6 9. O-O-O Qd7 10. Kb1 O-O-O 11. Ng5 Bxg5 12. Bxg5 f6 13. Be3 Kb8 14.
h3 h5 15. Be2 Rde8 16. b3 Re7 17. Rhe1 Bf5 18. Bb5 Rhe8 19. f3 a6 20. Bxc6 Qxc6
21. Bf2 Rxe1 1/2-1/2

[Event "CAN-op"]
[Site "Windsor CAN"]
[Date "2016.07.15"]
[Round "6.4"]
[White "Song, Edward"]
[Black "Chaichi, Navid"]
[Result "1-0"]
[WhiteElo "2305"]
[BlackElo "2134"]
[PlyCount "65"]
[EventDate "2016.07.10"]
[EventType "swiss"]
[EventRounds "9"]
[EventCountry "CAN"]

1. e4 c5 2. Nf3 Nc6 3. Bb5 e5 4. O-O Bd6 5. c3 Nge7 6. d4 cxd4 7. cxd4 exd4 8.
Nxd4 O-O 9. Nc3 Qc7 10. Nf3 a6 11. Ba4 Ne5 12. h3 b5 13. Bb3 Bb7 14. Bg5 h6 15.
Nxe5 hxg5 16. Ng4 Ng6 17. Ne3 Be5 18. Ncd5 Qd8 19. Qh5 Nf4 20. Nxf4 Bxf4 21.
Nd5 Bxd5 22. Bxd5 Rc8 23. g3 Be5 24. h4 Qb6 25. hxg5 g6 26. Qh3 Rc2 27. Rac1
Rxb2 28. Qxd7 Kg7 29. Rc6 Qd4 30. Qe7 a5 31. Rxg6+ Kxg6 32. Qxf8 Qa7 33. Qh6#
1-0

[Event "CAN-op"]
[Site "Windsor CAN"]
[Date "2016.07.15"]
[Round "6.9"]
[White "Virkud, Apurva"]
[Black "Teh, Aron"]
[Result "1/2-1/2"]
[WhiteElo "1913"]
[BlackElo "2328"]
[PlyCount "89"]
[EventDate "2016.07.10"]
[EventType "swiss"]
[EventRounds "9"]
[EventCountry "CAN"]

1. d4 Nf6 2. c4 e6 3. Nc3 Bb4 4. Qc2 O-O 5. Nf3 c5 6. dxc5 Na6 7. g3 Nxc5 8.
Bg2 Nce4 9. O-O Nxc3 10. bxc3 Be7 11. e4 d6 12. e5 dxe5 13. Nxe5 Qc7 14. Qe2
Bd6 15. Re1 Ne8 16. Rb1 Rb8 17. Rb3 f6 18. Ng4 Bc5 19. Bf4 e5 20. Bd5+ Kh8 21.
Be3 Nd6 22. Bxc5 Qxc5 23. Ne3 b6 24. Rd1 f5 25. Ng2 Re8 26. Nh4 g6 27. Qd2 Kg7
28. Qd3 Rd8 29. Qe2 e4 30. Rd4 b5 31. Ng2 Rb6 32. Nf4 Nxc4 33. Bxc4 Rxd4 34.
cxd4 Qxc4 35. Qb2 g5 36. d5+ Kh6 37. Rb4 Qc5 38. Ne6 Bxe6 39. Qf6+ Kh5 40. dxe6
Rxe6 41. Qxe6 Qxb4 42. Qf7+ Kh6 43. Qf6+ Kh5 44. Qf7+ Kh6 45. Qf6+ 1/2-1/2

[Event "CAN-op"]
[Site "Windsor CAN"]
[Date "2016.07.15"]
[Round "6.10"]
[White "Doknjas, John"]
[Black "Plotkin, Victor"]
[Result "1-0"]
[WhiteElo "2133"]
[BlackElo "2309"]
[PlyCount "53"]
[EventDate "2016.07.10"]
[EventType "swiss"]
[EventRounds "9"]
[EventCountry "CAN"]

1. d4 d5 2. c4 e6 3. Nc3 Be7 4. cxd5 exd5 5. Bf4 Nf6 6. e3 O-O 7. Bd3 c6 8. h3
Nbd7 9. Nf3 g6 10. Qc2 Nh5 11. Bh6 Re8 12. O-O-O Ng7 13. g4 Nf8 14. Rdg1 Be6
15. h4 c5 16. h5 c4 17. Bf5 g5 18. Nxg5 Bxg5 19. Bxg5 Qxg5 20. h6 Rad8 21. hxg7
Qxg7 22. Ne2 Ng6 23. Ng3 Kf8 24. Nh5 Qh8 25. g5 Rd6 26. Nf6 Bxf5 27. Qxf5 1-0

[Event "CAN-op"]
[Site "Windsor CAN"]
[Date "2016.07.15"]
[Round "6.12"]
[White "Li, Ben"]
[Black "Fan, Run Kun"]
[Result "1-0"]
[WhiteElo "2219"]
[BlackElo "2074"]
[PlyCount "43"]
[EventDate "2016.07.10"]
[EventType "swiss"]
[EventRounds "9"]
[EventCountry "CAN"]

1. d4 d5 2. c4 c6 3. Nf3 e6 4. e3 Nf6 5. b3 Bb4+ 6. Nbd2 Nbd7 7. Bb2 b6 8. Bd3
Bb7 9. a3 Bd6 10. O-O O-O 11. Ne5 c5 12. cxd5 exd5 13. f4 Ne4 14. Nxe4 dxe4 15.
Bc4 Nf6 16. Qe2 cxd4 17. exd4 e3 18. Qxe3 Ne4 19. Rae1 Qe7 20. Qd3 b5 21. Bxb5
f5 22. Bc4+ 1-0

[Event "CAN-op"]
[Site "Windsor CAN"]
[Date "2016.07.15"]
[Round "6.14"]
[White "Song, Sam"]
[Black "Humphreys, Michael"]
[Result "0-1"]
[WhiteElo "2316"]
[BlackElo "2341"]
[PlyCount "150"]
[EventDate "2016.07.10"]
[EventType "swiss"]
[EventRounds "9"]
[EventCountry "CAN"]

1. e4 c6 2. d4 d5 3. e5 Bf5 4. Nf3 e6 5. Be2 Ne7 6. O-O Nd7 7. Nh4 c5 8. c3 Be4
9. Nd2 Nc6 10. Nxe4 dxe4 11. g3 cxd4 12. cxd4 Nb6 13. Be3 Be7 14. Ng2 O-O 15.
a3 Qd7 16. Rc1 Rac8 17. Bb5 a6 18. Bxc6 Rxc6 19. Qg4 Rfc8 20. Qxe4 Nc4 21. Rb1
Rb6 22. Bc1 Qc6 23. Qd3 Qb5 24. Rd1 Nxa3 25. Ra1 Nc2 26. Rb1 Qxd3 27. Rxd3 Rc4
28. Be3 Nb4 29. Rb3 Nd5 30. Rxb6 Nxb6 31. Nf4 Bg5 32. b3 Rc8 33. Rc1 Rxc1+ 34.
Bxc1 Bxf4 35. Bxf4 Kf8 36. Kf1 Ke7 37. Ke2 Kd7 38. Kd3 Kc6 39. Bg5 Kb5 40. Bd2
Nd5 41. Kc2 a5 42. Kb2 Ka6 43. Ka3 b5 44. f4 b4+ 45. Kb2 Kb5 46. Kc2 g6 47. Kd3
Nb6 48. Kc2 Kc6 49. Kd3 Kd5 50. Be1 h5 51. Bd2 Nc8 52. Be3 Ne7 53. Bg1 Nc8 54.
Be3 Nb6 55. Bd2 Kc6 56. Kc2 Kb5 57. Kb2 a4 58. Kc2 Nd5 59. Kb2 Ne7 60. Be3 Nc6
61. bxa4+ Kxa4 62. Kc2 Ka3 63. h3 Ka2 64. Bc1 Nxd4+ 65. Kd3 Nf5 66. g4 hxg4 67.
hxg4 Nh6 68. g5 Nf5 69. Kc4 b3 70. Kc5 b2 71. Bxb2 Kxb2 72. Kc6 Ne7+ 73. Kd7
Nd5 74. Ke8 Nxf4 75. Kxf7 Kc3 0-1

[Event "CAN-op"]
[Site "Windsor CAN"]
[Date "2016.07.15"]
[Round "6.15"]
[White "Doknjas, Joshua"]
[Black "McNamara, Tanner"]
[Result "1/2-1/2"]
[WhiteElo "2204"]
[BlackElo "2027"]
[PlyCount "58"]
[EventDate "2016.07.10"]
[EventType "swiss"]
[EventRounds "9"]
[EventCountry "CAN"]

1. e4 e5 2. Nf3 Nc6 3. Bc4 Nf6 4. d3 Bc5 5. O-O O-O 6. Re1 d6 7. c3 a6 8. h3
Ba7 9. Bb3 Ne7 10. Nbd2 Ng6 11. Nf1 h6 12. Ng3 Nh7 13. d4 Ng5 14. Nxg5 hxg5 15.
dxe5 Nxe5 16. Nf5 Bxf5 17. exf5 g4 18. Rxe5 dxe5 19. Qxg4 Qd6 20. Bg5 Qb6 21.
Rf1 Rad8 22. Bxd8 Rxd8 23. Qg5 Qf6 24. Qxf6 gxf6 25. Rd1 Rxd1+ 26. Bxd1 e4 27.
Ba4 e3 28. fxe3 Bxe3+ 29. Kf1 Bc1 1/2-1/2

[Event "CAN-op"]
[Site "Windsor CAN"]
[Date "2016.07.15"]
[Round "6.16"]
[White "Agbabishvili, Lali"]
[Black "MacDonald, Jonathan"]
[Result "1-0"]
[WhiteElo "2162"]
[BlackElo "2049"]
[PlyCount "104"]
[EventDate "2016.07.10"]
[EventType "swiss"]
[EventRounds "9"]
[EventCountry "CAN"]

1. Nf3 c5 2. g3 Nc6 3. Bg2 d5 4. d3 e5 5. O-O Nf6 6. e4 dxe4 7. dxe4 Bg4 8.
Nbd2 Be7 9. c3 O-O 10. Qc2 Qd7 11. Re1 h6 12. Nc4 Qe6 13. Ne3 Bh3 14. Nf5 Bxg2
15. Kxg2 Rfd8 16. Qb3 Qxb3 17. axb3 Bf8 18. Nd2 Rd7 19. f3 Rad8 20. Nc4 b6 21.
Kf2 Kh7 22. Ke2 g6 23. Nfe3 Kg7 24. Rd1 Be7 25. Rxd7 Rxd7 26. Bd2 Bd8 27. Be1
b5 28. Nd2 Kf8 29. Bf2 Bb6 30. Rf1 Ke8 31. Nc2 Ng8 32. Ne3 Nce7 33. g4 f6 34.
h4 Kf7 35. Bg3 g5 36. h5 Ke6 37. Rd1 Rd6 38. Ndf1 c4 39. Rxd6+ Kxd6 40. bxc4
bxc4 41. Nxc4+ Kc5 42. Kd3 Nc6 43. Bf2+ Kb5 44. Bxb6 axb6 45. Nfe3 Na5 46. Nxa5
bxa5 47. Nd5 a4 48. c4+ Kc5 49. Kc3 Kd6 50. Kb4 Kc6 51. c5 Kd7 52. Kxa4 Ke6 1-0

[Event "CAN-op"]
[Site "Windsor CAN"]
[Date "2016.07.15"]
[Round "6.17"]
[White "Kiraly, Istvan"]
[Black "Profit, Brian"]
[Result "1-0"]
[WhiteElo "2245"]
[BlackElo "1989"]
[PlyCount "101"]
[EventDate "2016.07.10"]
[EventType "swiss"]
[EventRounds "9"]
[EventCountry "CAN"]

1. d4 Nf6 2. Nf3 g6 3. g3 Bg7 4. Bg2 d5 5. O-O O-O 6. c4 c6 7. Nc3 dxc4 8. Ne5
Ng4 9. f4 Nxe5 10. fxe5 c5 11. dxc5 Bxe5 12. Qxd8 Rxd8 13. Nd5 Nc6 14. Bf4 Be6
15. Nxe7+ Nxe7 16. Bxe5 Bd5 17. e4 Be6 18. Bf6 Rd7 19. Rad1 Rad8 20. Rd6 Nc8
21. Rxe6 fxe6 22. Bxd8 Rxd8 23. e5 Rd7 24. Bh3 Rc7 25. Bxe6+ Kg7 26. c6 Nb6 27.
cxb7 Rxb7 28. Rc1 Kf8 29. b3 cxb3 30. Bxb3 Ke7 31. Kf1 Ke8 32. e6 Re7 33. Kg2
a5 34. Rb1 Rc7 35. a4 Ke7 36. Rf1 Ke8 37. Rf3 Nc8 38. Rd3 Ne7 39. Rd6 Nf5 40.
Rb6 Nd4 41. Bd5 Rc2+ 42. Kf1 Rc5 43. Rb8+ Ke7 44. Rb7+ Ke8 45. Rd7 Nf5 46. Ke2
Rc2+ 47. Kd3 Rxh2 48. Rg7 Rh3 49. Bc6+ Kf8 50. Rf7+ Kg8 51. Rxf5 1-0

[Event "CAN-op"]
[Site "Windsor CAN"]
[Date "2016.07.15"]
[Round "6.18"]
[White "Chernik, Dmitry"]
[Black "Chehayeb, Salah"]
[Result "1-0"]
[WhiteElo "2096"]
[BlackElo "2015"]
[PlyCount "69"]
[EventDate "2016.07.10"]
[EventType "swiss"]
[EventRounds "9"]
[EventCountry "CAN"]

1. e4 c5 2. Nc3 Nc6 3. f4 e6 4. Nf3 d5 5. exd5 exd5 6. Bb5 a6 7. Qe2+ Be7 8.
Bxc6+ bxc6 9. O-O Nf6 10. Re1 Ra7 11. d3 O-O 12. b3 Re8 13. Ba3 Qa5 14. Na4 h6
15. Ne5 Bd7 16. Qf2 d4 17. Nc4 Qb5 18. Rxe7 Rxe7 19. Bxc5 Be6 20. Bxa7 Rxa7 21.
Qxd4 Rd7 22. Qc5 Qb8 23. Ne5 Rd5 24. Qb6 Qf8 25. Qxc6 g5 26. Rf1 gxf4 27. Ng6
Qg7 28. Qa8+ Kh7 29. Nf8+ Qxf8 30. Qxf8 Rg5 31. Rxf4 Nh5 32. Rxf7+ Ng7 33. Nc3
Bh3 34. Rxg7+ Rxg7 35. Qxg7+ 1-0

[Event "CAN-op"]
[Site "Windsor CAN"]
[Date "2016.07.15"]
[Round "6.19"]
[White "Daniluk, Jim"]
[Black "Karlow, Nick"]
[Result "1-0"]
[WhiteElo "1963"]
[BlackElo "2040"]
[PlyCount "100"]
[EventDate "2016.07.10"]
[EventType "swiss"]
[EventRounds "9"]
[EventCountry "CAN"]

1. d4 Nf6 2. Nf3 d6 3. c4 Nbd7 4. g3 e5 5. Nc3 Be7 6. Bg2 O-O 7. O-O a6 8. h3
Rb8 9. Nd5 Nxd5 10. cxd5 e4 11. Ne1 f5 12. f3 Nf6 13. Qc2 Kh8 14. fxe4 fxe4 15.
g4 Nxd5 16. Rxf8+ Qxf8 17. Qxe4 c6 18. Nd3 Bd7 19. Nf4 Bh4 20. Qf3 Nxf4 21.
Bxf4 Qe7 22. Qa3 Rg8 23. Qxd6 Qxe2 24. Be5 Qf2+ 25. Kh1 Qf7 26. Rf1 Qe6 27. d5
Qxd6 28. Bxd6 Bf6 29. g5 Bxb2 30. Rb1 cxd5 31. Bxd5 Bd4 32. Bxg8 Kxg8 33. h4
Kf7 34. Kh2 Bc6 35. Rd1 Be3 36. Re1 Bd4 37. Re7+ Kg6 38. Be5 Bxe5+ 39. Rxe5 Bb5
40. Re6+ Kf7 41. Rb6 Bc6 42. Kg3 Kg6 43. Kg4 h5+ 44. Kf4 Kf7 45. Kf5 g6+ 46.
Ke5 Ke7 47. a3 a5 48. Rb2 Kd7 49. Kf6 Be4 50. Rb5 a4 1-0

[Event "CAN-op"]
[Site "Windsor CAN"]
[Date "2016.07.15"]
[Round "6.20"]
[White "Ruelland, Geoffrey"]
[Black "Huang, Patrick"]
[Result "1/2-1/2"]
[WhiteElo "2106"]
[BlackElo "1992"]
[PlyCount "66"]
[EventDate "2016.07.10"]
[EventType "swiss"]
[EventRounds "9"]
[EventCountry "CAN"]

1. e4 c5 2. Nf3 d6 3. d4 cxd4 4. Nxd4 Nf6 5. Nc3 a6 6. Be2 e5 7. Nb3 Be6 8. Be3
Be7 9. O-O Nbd7 10. a4 O-O 11. f4 Qc7 12. f5 Bc4 13. a5 Bxe2 14. Qxe2 Rac8 15.
Rfd1 Qc4 16. Qf3 Rfd8 17. Rd2 Qc7 18. Nd5 Nxd5 19. exd5 Qc4 20. Ra3 Bf6 21. Qe2
Qxe2 22. Rxe2 Rc4 23. c3 Rcc8 24. Ra4 h6 25. Rb4 Nc5 26. Nd2 Rd7 27. Nc4 Bd8
28. Nb6 Bxb6 29. Rxb6 f6 30. Bd2 Kf7 31. Kf2 Re8 32. Kf1 Rc8 33. Be3 Ke7
1/2-1/2

[Event "CAN-op"]
[Site "Windsor CAN"]
[Date "2016.07.15"]
[Round "6.21"]
[White "Zhang, Henry"]
[Black "Gaisinsky, Adam"]
[Result "1-0"]
[WhiteElo "2096"]
[BlackElo "1994"]
[PlyCount "121"]
[EventDate "2016.07.10"]
[EventType "swiss"]
[EventRounds "9"]
[EventCountry "CAN"]

1. e4 c6 2. d4 d5 3. exd5 cxd5 4. Bd3 Nc6 5. c3 Nf6 6. Bf4 Bg4 7. Qb3 Qc8 8.
Nd2 e6 9. Ngf3 Be7 10. O-O O-O 11. Qc2 Bh5 12. Ne5 a6 13. Rfe1 b5 14. a4 b4 15.
a5 bxc3 16. bxc3 Bg6 17. Nxg6 hxg6 18. h3 Qd8 19. Nb3 Bd6 20. Bxd6 Qxd6 21. Qe2
Nd7 22. Bxa6 Nxd4 23. cxd4 Qxa6 24. Qxa6 Rxa6 25. Rec1 Rfa8 26. Rc7 R6a7 27.
Rac1 Kf8 28. Kf1 Ke7 29. R7c6 Ra6 30. Ke2 Rxc6 31. Rxc6 Rb8 32. Nc1 Ra8 33. Nb3
Rb8 34. Nc1 Ra8 35. a6 Ra7 36. Nd3 Nb8 37. Nb4 Kd7 38. Rc5 Nxa6 39. Ra5 Rb7 40.
Nxa6 Rb2+ 41. Kf3 Rb3+ 42. Kf4 Rb2 43. Kg3 Rd2 44. Nc5+ Kd6 45. Ra6+ Ke7 46.
Ra4 f6 47. Ra7+ Kd6 48. Ra6+ Ke7 49. Rxe6+ Kf7 50. Re3 Rxd4 51. Rd3 Rc4 52.
Rxd5 g5 53. Rd7+ Kg6 54. Ne6 Re4 55. Rxg7+ Kh6 56. Nc5 Rc4 57. Rc7 Kh5 58. Ne6
Re4 59. Nf8 g4 60. Rh7+ Kg5 61. h4+ 1-0

[Event "CAN-op"]
[Site "Windsor CAN"]
[Date "2016.07.15"]
[Round "6.22"]
[White "Beider, Andrew"]
[Black "D'Amore, Tyler"]
[Result "0-1"]
[WhiteElo "2069"]
[BlackElo "1946"]
[PlyCount "98"]
[EventDate "2016.07.10"]
[EventType "swiss"]
[EventRounds "9"]
[EventCountry "CAN"]

1. c4 c5 2. Nc3 Nf6 3. g3 d5 4. cxd5 Nxd5 5. Bg2 Nc7 6. Nf3 Nc6 7. d3 e5 8. Be3
Be7 9. O-O O-O 10. Rc1 b6 11. Nxe5 Nxe5 12. Bxa8 Nxa8 13. Qa4 Qd7 14. Qe4 Nc6
15. Rfd1 Bb7 16. Qa4 Qh3 17. f3 Nc7 18. a3 a6 19. Ne4 Ne6 20. Nf2 Qh5 21. Qg4
Qxg4 22. Nxg4 h5 23. Nf2 Ned4 24. Bxd4 Nxd4 25. Kf1 Bc6 26. Ne4 Ba4 27. Kf2
Bxd1 28. Rxd1 Rc8 29. Rc1 Nf5 30. e3 Nd6 31. Nd2 Bf6 32. Rc2 b5 33. b3 Kf8 34.
Ke2 Ke8 35. f4 Kd7 36. Kf3 Be7 37. Rc1 Nb7 38. Ra1 Bf6 39. Rc1 Nd6 40. Rc2 b4
41. a4 Nb7 42. h3 Na5 43. h4 Bc3 44. Ne4 Nxb3 45. Nxc3 bxc3 46. Rxc3 c4 47.
dxc4 Nd2+ 48. Ke2 Nxc4 49. e4 Nb2 0-1

[Event "CAN-op"]
[Site "Windsor CAN"]
[Date "2016.07.15"]
[Round "6.23"]
[White "Sivapathasundaram, Manojh"]
[Black "Fradkin, Benjamin"]
[Result "1/2-1/2"]
[WhiteElo "1985"]
[BlackElo "2106"]
[PlyCount "104"]
[EventDate "2016.07.10"]
[EventType "swiss"]
[EventRounds "9"]
[EventCountry "CAN"]

1. d4 c6 2. c4 d5 3. Nc3 Nf6 4. Nf3 Bf5 5. cxd5 cxd5 6. Qb3 Qb6 7. Nxd5 Nxd5 8.
Qxd5 e6 9. Qb3 Qxb3 10. axb3 Bb4+ 11. Bd2 Nc6 12. e3 O-O 13. Bb5 Bd6 14. O-O h6
15. Rfc1 Nb4 16. Bxb4 Bxb4 17. Rc7 Be4 18. Ra4 a5 19. Ra1 Bd5 20. Ba4 Rab8 21.
Bb5 Rfd8 22. Ne5 Rbc8 23. Rac1 Rxc7 24. Rxc7 Bd6 25. Rc3 Bxe5 26. dxe5 Be4 27.
f3 Bg6 28. Rc7 Rd1+ 29. Kf2 Rd2+ 30. Kg3 Rxb2 31. Ba4 b5 32. Bxb5 Rxb3 33. Ba4
Ra3 34. Rc4 Bd3 35. Rd4 g5 36. h4 Kg7 37. hxg5 hxg5 38. Kg4 Bf5+ 39. Kxg5 Rxe3
40. Kf4 Ra3 41. Be8 Rd3 42. Rxd3 Bxd3 43. Ba4 Bf1 44. g4 Bc4 45. Ke3 Kg6 46. f4
Bd5 47. Bc2+ Kh6 48. f5 Kg5 49. fxe6 Bxe6 50. Kd2 Kf4 51. Bh7 Kxe5 52. Bg8 Kf4
1/2-1/2

[Event "CAN-op"]
[Site "Windsor CAN"]
[Date "2016.07.16"]
[Round "7.1"]
[White "Szabo, Gergely-Andras-Gyul"]
[Black "Song, Edward"]
[Result "1/2-1/2"]
[WhiteElo "2546"]
[BlackElo "2305"]
[PlyCount "111"]
[EventDate "2016.07.10"]
[EventType "swiss"]
[EventRounds "9"]
[EventCountry "CAN"]

1. c4 e5 2. g3 Nf6 3. Bg2 h6 4. Nc3 Bb4 5. e4 Bxc3 6. bxc3 O-O 7. Ne2 Re8 8.
O-O c6 9. d4 exd4 10. Qxd4 d5 11. e5 Nfd7 12. f4 dxc4 13. Ba3 Qb6 14. Rf2 Qxd4
15. cxd4 Nb6 16. f5 Na6 17. Bd6 Bd7 18. Rb1 Red8 19. Nc3 Be8 20. a4 Nc8 21. Ne4
Nxd6 22. Nxd6 Rxd6 23. exd6 b6 24. Bf1 b5 25. axb5 cxb5 26. Ra2 Nb8 27. Bg2 Nc6
28. Rxb5 Rd8 29. Rc5 Nxd4 30. Rxa7 c3 31. Re7 c2 32. Re4 Nxf5 33. Rxc2 Nxd6 34.
Rd4 Kf8 35. Rcd2 Ke7 36. Re2+ Kf8 37. Kf2 Nb7 38. Red2 Rxd4 39. Rxd4 Nc5 40.
Ke3 Ke7 41. Rd2 Bd7 42. Ra2 Be6 43. Ra5 Nd7 44. Kd4 Kf6 45. Bc6 Nf8 46. Ra1 Bh3
47. Kc5 Ne6+ 48. Kd6 Nd4 49. Bd5 g6 50. Ra4 Nf5+ 51. Kc5 h5 52. Ra6+ Kg7 53.
Ra7 Nh6 54. Kd4 Kf6 55. Bb3 Bc8 56. Rc7 1/2-1/2

[Event "CAN-op"]
[Site "Windsor CAN"]
[Date "2016.07.16"]
[Round "7.3"]
[White "Sohal, Tanraj"]
[Black "Antal, Gergely"]
[Result "0-1"]
[WhiteElo "2334"]
[BlackElo "2545"]
[PlyCount "94"]
[EventDate "2016.07.10"]
[EventType "swiss"]
[EventRounds "9"]
[EventCountry "CAN"]

1. d4 Nf6 2. c4 g6 3. Nc3 d5 4. Bg5 Bg7 5. e3 c5 6. Nf3 cxd4 7. Nxd4 Ne4 8.
Nxe4 dxe4 9. Qd2 f5 10. O-O-O Qb6 11. Be2 Nd7 12. f4 a5 13. g4 fxg4 14. Bxg4
Nc5 15. Be2 Bd7 16. Bh4 a4 17. Rhg1 Rd8 18. Qc2 Rf8 19. Be1 a3 20. b3 Nd3+ 21.
Bxd3 exd3 22. Rxd3 Bf5 23. Nxf5 Rxf5 24. Bc3 Rxd3 25. Qxd3 Bxc3 26. Qxc3 Rxf4
27. Rd1 Qf6 28. Qxf6 Rxf6 29. Rd2 Rf1+ 30. Kc2 Re1 31. Kd3 g5 32. Re2 Rb1 33.
Rg2 h6 34. h4 Rb2 35. Rg4 Rxa2 36. hxg5 h5 37. Rg1 Kf7 38. g6+ Kg7 39. b4 Rf2
40. c5 a2 41. Kc3 h4 42. b5 h3 43. Kb3 h2 44. Rh1 Rg2 45. c6 bxc6 46. bxc6 Rg1
47. c7 a1=Q 0-1

[Event "CAN-op"]
[Site "Windsor CAN"]
[Date "2016.07.16"]
[Round "7.7"]
[White "Teh, Aron"]
[Black "Li, Yinshi"]
[Result "1/2-1/2"]
[WhiteElo "2328"]
[BlackElo "2076"]
[PlyCount "51"]
[EventDate "2016.07.10"]
[EventType "swiss"]
[EventRounds "9"]
[EventCountry "CAN"]

1. d4 d5 2. c4 c6 3. cxd5 cxd5 4. Nc3 Nf6 5. Bf4 e6 6. e3 Bd6 7. Bxd6 Qxd6 8.
Bd3 O-O 9. f4 b6 10. Qe2 Bb7 11. Nf3 Ne4 12. O-O a6 13. Rac1 f5 14. Ne5 Nd7 15.
Bxe4 dxe4 16. Na4 Nxe5 17. dxe5 Qb4 18. Rc4 Qa5 19. Rd4 b5 20. Nc5 Bd5 21. b4
Qxa2 22. Qxa2 Bxa2 23. Rd6 a5 24. bxa5 Rxa5 25. Nxe6 Bxe6 26. Rxe6 1/2-1/2

[Event "CAN-op"]
[Site "Windsor CAN"]
[Date "2016.07.16"]
[Round "7.8"]
[White "Chaichi, Navid"]
[Black "Li, Ben"]
[Result "0-1"]
[WhiteElo "2134"]
[BlackElo "2324"]
[PlyCount "56"]
[EventDate "2016.07.10"]
[EventType "swiss"]
[EventRounds "9"]
[EventCountry "CAN"]

1. e4 c5 2. Nf3 d6 3. d4 cxd4 4. Qxd4 Nc6 5. Qe3 Nf6 6. Bc4 e6 7. Nc3 Be7 8.
Bd2 a6 9. a4 d5 10. e5 Ng8 11. Bb3 d4 12. Qe4 dxc3 13. Bxc3 f5 14. exf6 Nxf6
15. Qe2 O-O 16. Ng5 Nd4 17. Bxd4 Qxd4 18. Bxe6+ Bxe6 19. Qxe6+ Kh8 20. O-O Bc5
21. Rad1 Qf4 22. Nf7+ Rxf7 23. Qxf7 Rf8 24. Qb3 Ng4 25. Qg3 Qxg3 26. hxg3 Nxf2
27. Rxf2 Bxf2+ 28. Kh2 Kg8 0-1